Mechanics of particulate materials : the principles /

Bibliographic Details
Main Author: Feda, Jaroslav
Format: Book
Language:English
Published: Amsterdam ; New York : Elsevier Scientific Pub. Co., 1982.
Series:Developments in geotechnical engineering ; 30.
Subjects:

MARC

Tag First Indicator Second Indicator Subfields
LEADER 00000pam a2200000 a 4500
001 in00000092282
005 20150923132038.0
008 810915s1982 ne a b 00110 eng
010 |a  81015170  
020 |a 044499713X :  |c $100.00 (est.) 
035 |a (OCoLC)07837536 
035 |9 AAK7364AM 
039 0 |a 2  |b 3  |c 3  |d 3  |e 3 
040 |a DLC  |c DLC  |d TXA  |d UtOrBLW 
041 1 |a eng  |h cze 
049 |a TXAM  |c [1633342] 
050 0 0 |a TA418.78  |b  F413 1982 
082 0 |a 620/.43  |2 19 
100 1 |a Feda, Jaroslav. 
240 1 0 |a Základy mechaniky partikulárních látek.  |l English 
245 1 0 |a Mechanics of particulate materials :  |b the principles /  |c by Jaroslav Feda ; [translation, Doubravka Hajsmanova]. 
264 1 |a Amsterdam ;  |a New York :  |b Elsevier Scientific Pub. Co.,  |c  1982. 
300 |a 446 pages :  |b illustrations ;  |c 25 cm. 
336 |a text  |b txt  |2 rdacontent 
337 |a unmediated  |b n  |2 rdamedia 
338 |a volume  |b nc  |2 rdacarrier 
490 1 |a Developments in geotechnical engineering ;  |v 30 
500 |a Translation of: Zaklady mechaniky partikularnich latek. 
500 |a Includes indexes. 
504 |a Bibliography: pages 399-[432]. 
650 0 |a Particles. 
650 0 |a Bulk solids. 
650 0 |a Mechanics. 
830 0 |a Developments in geotechnical engineering ;  |v 30. 
999 |a MARS 
999 f f |s 76b4522e-cb50-31c0-9d70-7712f3585d4d  |i 70371724-ec2b-39b6-b962-215fb2c18250  |t 0 
952 f f |p ric  |a Texas A&M University  |b Rellis Campus  |c Joint Library Facility  |d Remote Storage  |t 0  |e TA418.78 F413 1982  |h Library of Congress classification  |i unmediated -- volume  |m A14806006603 
998 f f |a TA418.78 F413 1982  |t 0  |l Remote Storage